Miasta, które miały więcej niż 1 klub w ekstraklasie - Statystyki

Ogólne statystyki
  • Ten quiz został rozwiązany 78 razy
  • Średni wynik to 11 z 14
Statystyki odpowiedzi
Odpowiedź % Poprawnych
Kraków
100%
Warszawa
100%
Gdańsk
97%
Poznań
96%
Łódź
95%
Gdynia
86%
Szczecin
86%
Katowice
82%
Bydgoszcz
67%
Chorzów
64%
Bytom
63%
Lwów
52%
Tychy
45%
Wałbrzych
29%
Nie znaleziono quizów pasujących do podanych kryteriów
Rozkład punktacji
Procent ludzi z każdym wynikiem
Percentyl według liczby udzielonych odpowiedzi
Twoja historia wyników
Nie rozwiązałeś tego quizu